|
|
|
|
| LEADER |
00000nab a2200000 a 4500 |
| 001 |
vtls000684689 |
| 003 |
SK-MaSNL |
| 005 |
20260304084054.0 |
| 008 |
250425c1998 xo 0 slo |
| 015 |
|
|
|a SNBRB1999/03-06409
|
| 035 |
|
|
|a CLN000036856
|
| 035 |
|
|
|a urn:nbn:sk:snk-abilt
|
| 035 |
|
|
|a (urnnbn)urn:nbn:sk:snk:ar-a039o8
|
| 035 |
|
|
|a (uuid)ec807e04-82dd-4695-9598-9bbe215dcc27
|
| 040 |
|
|
|a SNKBUCL
|b slo
|c SNKBUCL
|e AACR2
|
| 041 |
0 |
|
|a slo
|
| 044 |
|
|
|a xo
|c SK
|
| 080 |
|
|
|a 39+572+304(4):061.3
|2 1997
|
| 100 |
1 |
|
|a Bitušíková, Alexandra,
|d 1960-
|4 aut
|9 188826
|
| 245 |
1 |
0 |
|a 5. bienálna EASA konferencia "The politics of anthropology : conditions for thought and practise"
|b Frankfurt am Main, 4.-7. september 1998
|c Alexandra Bitušíková
|
| 246 |
1 |
3 |
|a Piata bienálna konferencia "The politics of anthropology : conditions for thought and practise"
|
| 650 |
0 |
7 |
|a etnografia
|x antropológia
|x sociológia
|x konferencie
|x 1998
|2 snkbucl
|9 1375951
|
| 650 |
0 |
7 |
|a antropológia
|2 snkbucl
|9 717
|
| 650 |
0 |
7 |
|a sociológia
|2 snkbucl
|9 1010
|
| 655 |
|
7 |
|a články z novín a časopisov
|2 snkbucl
|9 267496
|
| 773 |
0 |
|
|t Slovenský národopis
|g Roč. 46, č. 4 (1998), s. 533-535
|x 1335-1303
|
| 850 |
|
|
|a Slovenská národná knižnica
|
| 852 |
|
|
|a Slovenská národná knižnica
|
| 954 |
|
|
|a odborná, vedecká literatúra pôvodná (slovenská)
|2 lita
|
| 958 |
|
|
|a article27
|
| 958 |
|
|
|a OND
|
| 958 |
|
|
|a EUIPO
|
| 992 |
|
|
|a RBX
|
| 999 |
|
|
|c 2802002
|d 2803932
|